Greening the supply chain: (Record no. 18136)

MARC details
000 -LEADER
fixed length control field 01014nam a2200253 a 4500
005 - DATE AND TIME OF LATEST TRANSACTION
control field 20080616100023.0
008 - FIXED-LENGTH DATA ELEMENTS--GENERAL INFORMATION
fixed length control field 070814s2007 ii 001 0 eng
010 ## - LCCN (DPL NO)
LC control number ENG-91546
020 ## - INTERNATIONAL STANDARD BOOK NUMBER
International Standard Book Number 9788178298765
Terms of availability 325.00
035 ## - SYSTEM CONTROL NUMBER
System control number EN-75079
037 ## - SOURCE OF ACQUISITION
Source of stock number/acquisition DBAD / PUB
040 ## - CATALOGING SOURCE
Original cataloging agency dpl
Language of cataloging English
082 ## - DEWEY DECIMAL CLASSIFICATION NUMBER
Classification number 658.5
100 ## - MAIN ENTRY--PERSONAL NAME
Personal name Rao, Purba Halady
245 ## - TITLE STATEMENT
Title Greening the supply chain:
Statement of responsibility, etc by Purba Halady Rao
Remainder of title a guide for Asian managers /
260 ## - PUBLICATION, DISTRIBUTION, ETC. (IMPRINT)
Place of publication, distribution, etc New Delhi
Name of publisher, distributor, etc Response Books
Date of publication, distribution, etc 2008
300 ## - PHYSICAL DESCRIPTION
Extent xviii, 251p.
Dimensions 23 cm (pbk)
500 ## - GENERAL NOTE
General note Includes bibliographical references and index
520 ## - SUMMARY, ETC.
Summary, etc Contributed articles chiefly with reference to India.
650 ## - SUBJECT ADDED ENTRY--TOPICAL TERM
Topical term or geographic name as entry element Business logistics
Geographic subdivision Asia
General subdivision Handbooks, manuals, etc.
650 ## - SUBJECT ADDED ENTRY--TOPICAL TERM
Topical term or geographic name as entry element Social responsibility of business
Geographic subdivision Asia
942 ## - ADDED ENTRY ELEMENTS (KOHA)
Source of classification or shelving scheme Dewey Decimal Classification
Item type English Books
Call number suffix RAO
Classification part 658.5
Holdings
Withdrawn status Lost status Source of classification or shelving scheme Damaged status Not for loan Collection code Home library Current library Date acquired Source of acquisition Cost, normal purchase price Total Checkouts Full call number Barcode Date last seen Copy number Cost, replacement price Koha item type
    Dewey Decimal Classification   Not For Loan Non-fiction D.B.Act.Division D.B.Act.Division 06/11/2008 DBAD / PUB 325.00   658.5 RAO EN-75079 06/11/2008 1 325.00 English Books

© Delhi Public Library
Hit Counter
free hit counter